ბათუმის შოთა რუსთაველის სახელმწიფო უნივერსიტეტის ბიბლიოთეკა

გახსოვს,ზედაზენი. (ბიბ.ჩანაწერი № 35424)

000 -LEADER
fixed length control field 00697nam a2200241Ia 4500
001 - CONTROL NUMBER
control field 1280
003 - CONTROL NUMBER IDENTIFIER
control field GE_BSU
008 - FIXED-LENGTH DATA ELEMENTS--GENERAL INFORMATION
fixed length control field 181216s||||||||xx |||||||||||||| ||und||
020 ## - INTERNATIONAL STANDARD BOOK NUMBER
International Standard Book Number 9789941920158
040 ## - CATALOGING SOURCE
Transcribing agency GE_BSU
080 ## - UNIVERSAL DECIMAL CLASSIFICATION NUMBER
Universal Decimal Classification number 821.353.1
100 ## - MAIN ENTRY--PERSONAL NAME
Personal name იოსელიანი,ოტია
245 ## - TITLE STATEMENT
Title გახსოვს,ზედაზენი.
245 ## - TITLE STATEMENT
Statement of responsibility, etc. რედ:გელოვანი,თამარ
260 ## - PUBLICATION, DISTRIBUTION, ETC.
Place of publication, distribution, etc. თბილისი
260 ## - PUBLICATION, DISTRIBUTION, ETC.
Name of publisher, distributor, etc. უსტარი
260 ## - PUBLICATION, DISTRIBUTION, ETC.
Date of publication, distribution, etc. 2011
300 ## - PHYSICAL DESCRIPTION
Extent 128 გვ. 15 სმ.
653 ## - INDEX TERM--UNCONTROLLED
Uncontrolled term გახსოვს,ზედაზენი.
653 ## - INDEX TERM--UNCONTROLLED
Uncontrolled term ლიტერატურა
942 ## - ADDED ENTRY ELEMENTS (KOHA)
Koha item type წიგნი
ეგზემპლარები
Withdrawn status Lost status Damaged status Not for loan Date acquired Barcode Date last seen Price effective from Koha item type Public note
        2018-12-17 2954 2018-12-17 2018-12-17 წიგნი დარბაზი